Statistics for Random South American Subdivisions on a Map

Click here to take the quiz!

General Stats

  • This quiz has been taken 168 times
  • The average score is 12 of 30

Answers on the Map

Answers color-coded by a green-red scale on the quiz's map according to % correct below.
 

Answer Stats

CountryTypeAnswer% Correct
BrazilStateAcre
100%
BrazilStateAlagoas
100%
ParaguayDepartamentAlto Paraná
100%
BrazilStateAmapá
100%
VenezuelaStateAmazonas
100%
PeruDepartamentAmazonas
100%
BrazilStateAmazonas
100%
ChileRegionAntofagasta
100%
PeruDepartamentApurímac
100%
ChileRegionArica and Parinacota
100%
BrazilStateBahia
100%
EcuadorProvinceBolívar
100%
BrazilStateCeará
100%
ArgentinaProvinceChaco
100%
ColombiaDepartmentChocó
100%
ArgentinaProvinceChubut
100%
BoliviaDepartmentChuquisaca
100%
BoliviaDepartmentCochabamba
100%
ParaguayDepartamentCordillera
100%
ArgentinaProvinceCórdoba
100%
BrazilDistrictDistrito Federal
100%
BrazilStateEspirito Santo
100%
FranceOverseas RegionFrench Guiana
100%
PeruDepartamentHuánuco
100%
EcuadorProvinceImbabura
100%
PeruDepartamentLoreto
100%
ChileRegionMagallanes
100%
BrazilStateMaranhão
100%
BrazilStateMato Grosso
100%
BrazilStateMato Grosso do Sul
100%
ArgentinaProvinceMendoza
100%
BrazilStateMinas Geráis
100%
ArgentinaProvinceMisiones
100%
EcuadorProvinceNapo
100%
BrazilStatePará
100%
BrazilStateParaná
100%
BrazilStatePiauí
100%
BoliviaDepartmentPotosí
100%
ColombiaDepartmentPutumayo
100%
BrazilStateRio Grande do Sul
100%
BrazilStateRondônia
100%
UruguayDepartamentSalto
100%
ColombiaDepartmentSan Andrés, Providencia and Santa Catalina
100%
ArgentinaProvinceSan Juan
100%
ArgentinaProvinceSanta Cruz
100%
ArgentinaProvinceSantiago del Estero
100%
BrazilStateSão Paulo
100%
ColombiaDepartmentSucre
100%
VenezuelaStateSucre
100%
BoliviaDepartmentTarija
100%
ArgentinaProvinceTierra del Fuego
100%
PeruDepartamentUcayali
100%
ChileRegionValparaíso
100%
ColombiaDepartmentVaupés
100%
ColombiaDepartmentVichada
100%
VenezuelaStateYaracuy
100%
BrazilStateRoráima
80%
ChileRegionAtacama
75%
VenezuelaStateBolívar
75%
BrazilStateSergipe
75%
BrazilStateTocantins
75%
ChileRegionBiobío
67%
ChileRegionCoquimbo
67%
PeruDepartamentCusco
67%
United KingdomOverseas TerritoryFalkland Islands
67%
SurinameDistrictPara
67%
BrazilStateSanta Catarina
67%
ArgentinaProvinceSanta Fe
67%
GuyanaGovernorateUpper Takutu-Upper Essequibo
67%
ArgentinaProvinceEntre Ríos
60%
ArgentinaProvinceNeuquén
60%
ColombiaDepartmentAmazonas
50%
ChileRegionAraucanía
50%
BoliviaDepartmentBeni
50%
ColombiaDepartmentBolívar
50%
PeruDepartamentCajamarca
50%
VenezuelaDistrictCapital District
50%
VenezuelaStateCojedes
50%
SurinameDistrictCommewijne
50%
SurinameDistrictCoronie
50%
ParaguayDistrictDistrito Capital
50%
EcuadorProvinceGuayas
50%
PeruDepartamentIca
50%
ParaguayDepartamentItapúa
50%
ArgentinaProvinceLa Pampa
50%
UruguayDepartamentMontevideo
50%
EcuadorProvinceMorona Santiago
50%
ChileRegionO'Higgins
50%
BoliviaDepartmentPando
50%
EcuadorProvincePastaza
50%
BrazilStatePernambuco
50%
BrazilStateRio de Janeiro
50%
BrazilStateRio Grande do Norte
50%
UruguayDepartamentRocha
50%
ArgentinaProvinceSalta
50%
ArgentinaProvinceSan Luis
50%
UruguayDepartamentSoriano
50%
PeruDepartamentTacna
50%
GuyanaGovernorateUpper Demerara-Berbice
50%
ColombiaDepartmentValle del Cauca
50%
PeruDepartamentHuancavelica
43%
ColombiaDepartmentCórdoba
40%
VenezuelaStateFalcón
40%
ParaguayDepartamentAmambay
33%
VenezuelaStateAragua
33%
ColombiaDepartmentArauca
33%
EcuadorProvinceCañar
33%
ColombiaDepartmentCaquetá
33%
EcuadorProvinceCarchi
33%
UruguayDepartamentCerro Largo
33%
EcuadorProvinceCotopaxi
33%
GuyanaGovernorateDemerara-Mahaica
33%
GuyanaGovernorateEast Berbice-Corentyne
33%
ArgentinaProvinceJujuy
33%
ChileRegionLos Lagos
33%
VenezuelaStateMérida
33%
UruguayDepartamentSan José
33%
EcuadorProvinceSanta Elena
33%
EcuadorProvinceSanto Domingo de los Tsáchilas
33%
VenezuelaStateTrujillo
33%
UruguayDepartamentColonia
25%
UruguayDepartamentFlores
25%
ColombiaDepartmentGuainía
25%
ChileRegionLos Ríos
25%
VenezuelaStatePortuguesa
25%
UruguayDepartamentTreinta y Tres
25%
VenezuelaStateNueva Esparta
20%
PeruDepartamentAyacucho
17%
EcuadorProvinceLos Ríos
17%
EcuadorProvinceManabí
17%
ParaguayDepartamentAlto Paraguay
0%
PeruDepartamentAncash
0%
ColombiaDepartmentAntioquia
0%
VenezuelaStateAnzoátegui
0%
VenezuelaStateApure
0%
PeruDepartamentArequipa
0%
UruguayDepartamentArtigas
0%
ColombiaDepartmentAtlántico
0%
ChileRegionAysén
0%
EcuadorProvinceAzuay
0%
GuyanaGovernorateBarima-Waini
0%
VenezuelaStateBarinas
0%
ParaguayDepartamentBoquerón
0%
ColombiaDepartmentBoyacá
0%
SurinameDistrictBrokopondo
0%
ArgentinaProvinceBuenos Aires
0%
ParaguayDepartamentCaaguazú
0%
ParaguayDepartamentCaazapá
0%
ColombiaDepartmentCaldas
0%
PeruAutonomous cityCallao
0%
UruguayDepartamentCanelones
0%
ParaguayDepartamentCanindeyú
0%
ColombiaDistrictCapital District
0%
VenezuelaStateCarabobo
0%
ColombiaDepartmentCasanare
0%
ArgentinaProvinceCatamarca
0%
ColombiaDepartmentCauca
0%
ParaguayDepartamentCentral
0%
ColombiaDepartmentCesar
0%
EcuadorProvinceChimborazo
0%
ArgentinaAutonomous cityCiudad de Buenos Aires
0%
ParaguayDepartamentConcepción
0%
ArgentinaProvinceCorrientes
0%
ColombiaDepartmentCundinamarca
0%
GuyanaGovernorateCuyuni-Mazaruni
0%
VenezuelaStateDelta Amacuro
0%
UruguayDepartamentDurazno
0%
EcuadorProvinceEl Oro
0%
EcuadorProvinceEsmeraldas
0%
GuyanaGovernorateEssequibo Islands-West Demerara
0%
VenezuelaDependencyFederal Dependencies
0%
UruguayDepartamentFlorida
0%
ArgentinaProvinceFormosa
0%
EcuadorProvinceGalápagos
0%
BrazilStateGoiás
0%
ParaguayDepartamentGuairá
0%
VenezuelaStateGuárico
0%
ColombiaDepartmentGuaviare
0%
ColombiaDepartmentHuila
0%
PeruDepartamentJunín
0%
ColombiaDepartmentLa Guajira
0%
PeruDepartamentLa Libertad
0%
PeruDepartamentLambayeque
0%
BoliviaDepartmentLa Paz
0%
VenezuelaStateLara
0%
ArgentinaProvinceLa Rioja
0%
UruguayDepartamentLavalleja
0%
PeruDepartamentLima
0%
EcuadorProvinceLoja
0%
PeruDepartamentMadre de Dios
0%
ColombiaDepartmentMagdalena
0%
GuyanaGovernorateMahaica-Berbice
0%
UruguayDepartamentMaldonado
0%
SurinameDistrictMarowijne
0%
ChileRegionMaule
0%
ColombiaDepartmentMeta
0%
VenezuelaStateMiranda
0%
ParaguayDepartamentMisiones
0%
VenezuelaStateMonagas
0%
PeruDepartamentMoquegua
0%
ColombiaDepartmentNariño
0%
ParaguayDepartamentÑeembucú
0%
SurinameDistrictNickerie
0%
ColombiaDepartmentNorte de Santander
0%
ChileRegionÑuble
0%
EcuadorProvinceOrellana
0%
BoliviaDepartmentOruro
0%
ParaguayDepartamentParaguarí
0%
BrazilStateParaíba
0%
SurinameDistrictParamaribo
0%
PeruDepartamentPasco
0%
UruguayDepartamentPaysandú
0%
EcuadorProvincePichincha
0%
PeruDepartamentPiura
0%
GuyanaGovernoratePomeroon-Supenaam
0%
GuyanaGovernoratePotaro-Siparuni
0%
ParaguayDepartamentPresidente Hayes
0%
PeruDepartamentPuno
0%
ColombiaDepartmentQuindío
0%
UruguayDepartamentRio Negro
0%
ArgentinaProvinceRío Negro
0%
ColombiaDepartmentRisaralda
0%
UruguayDepartamentRivera
0%
PeruDepartamentSan Martín
0%
ParaguayDepartamentSan Pedro
0%
BoliviaDepartmentSanta Cruz
0%
ColombiaDepartmentSantander
0%
ChileRegionSantiago
0%
SurinameDistrictSaramacca
0%
SurinameDistrictSipaliwini
0%
EcuadorProvinceSucumbíos
0%
VenezuelaStateTáchira
0%
UruguayDepartamentTacuarembó
0%
ChileRegionTarapacá
0%
ColombiaDepartmentTolima
0%
ArgentinaProvinceTucumán
0%
PeruDepartamentTumbes
0%
EcuadorProvinceTungurahua
0%
VenezuelaStateVargas
0%
SurinameDistrictWanica
0%
EcuadorProvinceZamora-Chinchipe
0%
VenezuelaStateZulia
0%

Score Distribution

Percentile by Number Answered

Percent of People with Each Score

Your Score History

You have not taken this quiz